[Event "DEN-ch"]
[Site "Denmark"]
[Date "1987.??.??"]
[Round "?"]
[White "Brinck Claussen, Bjorn"]
[Black "Pedersen, Erik"]
[Result "0-1"]
[WhiteElo "2390"]
[BlackElo "2415"]
[PlyCount "68"]
[EventDate "1987.??.??"]
[EventType "tourn"]
[EventRounds "11"]
[EventCountry "DEN"]
[EventCategory "4"]
[Source "ChessBase"]
[SourceDate "1996.11.15"]

1. d4 Nf6 2. c4 b6 3. Nc3 Bb7 4. f3 d5 5. cxd5 Nxd5 6. e4 Nxc3 7. bxc3 e6 8.
Bd3 c5 9. Ne2 cxd4 10. cxd4 Bb4+ 11. Kf2 O-O 12. Be3 Nc6 13. Qa4 a6 14. Rhd1
Be7 15. Rac1 b5 16. Qb3 Qd7 17. d5 exd5 18. Qxd5 Qd8 19. Bb6 Rc8 20. Bb1 Ba3
21. Rc3 Bb4 22. Re3 Qe7 23. e5 Na5 24. Qd3 Qh4+ 25. Kg1 Nc4 26. Bd4 Nxe3 27. g3
Qh5 28. Nf4 Qh6 29. Qxe3 Rfd8 30. Bf5 Rc3 31. Bxc3 Rxd1+ 32. Kg2 Bxc3 33. Qxc3
Qc6 34. Qe3 Qxf3+ 0-1

[Event "DEN-ch"]
[Site "Denmark"]
[Date "1987.??.??"]
[Round "?"]
[White "Mortensen, Erling"]
[Black "Brinck Claussen, Bjorn"]
[Result "1-0"]
[WhiteElo "2440"]
[BlackElo "2390"]
[PlyCount "97"]
[EventDate "1987.??.??"]
[EventType "tourn"]
[EventRounds "11"]
[EventCountry "DEN"]
[EventCategory "4"]
[Source "ChessBase"]
[SourceDate "1996.11.15"]

1. e4 e5 2. Nf3 Nc6 3. Bb5 a6 4. Ba4 Nf6 5. O-O Be7 6. Re1 b5 7. Bb3 d6 8. c3
O-O 9. h3 h6 10. d4 Re8 11. Nbd2 Bf8 12. Nf1 Bd7 13. Ng3 Na5 14. Bc2 c5 15. b3
Nc6 16. d5 Ne7 17. Be3 Qc8 18. c4 g6 19. Qd2 Kh7 20. Nh2 Bg7 21. f4 Nfg8 22.
Rac1 bxc4 23. bxc4 Qc7 24. Nf3 f6 25. Rb1 Reb8 26. Qc3 Nc8 27. f5 g5 28. Nd2
Rxb1 29. Rxb1 Rb8 30. Rxb8 Qxb8 31. Qa3 Qb6 32. Nb3 Bf8 33. Bd2 Be7 34. Na5 Bd8
35. Ba4 Qb1+ 36. Kh2 Bxa5 37. Bxa5 Qb7 38. Nh5 Bxa4 39. Qxa4 Qf7 40. g4 Qb7 41.
Qb3 Qd7 42. Kg3 Kh8 43. Kf3 Na7 44. Ke2 Nc8 45. Kd3 Na7 46. Kc2 Nc8 47. Kb2 Na7
48. Qb8 Nc8 49. Ka3 1-0